00325pab a2200133 454500008004000000100001800040245006200058260000900120300001200129362001200141650001500153650000900168773001400177180718b2006 xxu||||| |||| 00| 0 eng d aJugale, V. B. aLocal level rain harvesting techniques in Sangli district c2006 ap.3-10. aJan-Mar aHarvesting aRain aBhagirath